[Event "GER-ch NSV Online 1st"]
[Site "Playchess.com INT"]
[Date "2020.04.26"]
[Round "7"]
[White "Buchholz, Reiner"]
[Black "Mittelstaedt, Hendrik"]
[Result "1/2-1/2"]
[WhiteElo "1909"]
[BlackElo "2060"]
[PlyCount "160"]
[EventDate "2020.04.26"]
[EventType "swiss (blitz)"]
[EventRounds "13"]
[EventCountry "GER"]
[SourceTitle "CBM 196 Extra"]
[Source "ChessBase"]
[SourceDate "2020.07.31"]
[SourceVersion "1"]
[SourceVersionDate "2020.07.31"]
[SourceQuality "1"]

1. c4 f5 2. g4 fxg4 3. h3 g3 4. fxg3 e5 5. d3 Nf6 6. e4 Bc5 7. Qe2 0-0 8. Be3 Qe7 9. Nc3 c6 10. Nf3 Nh5 11. Rg1 b5 12. cxb5 cxb5 13. 0-0-0 Bb7 14. Kb1 b4 15. Nd5 Bxd5 16. exd5 Bxe3 17. Qxe3 d6 18. Nd4 Nd7 19. Ne6 Rf7 20. Bg2 g6 21. Ng5 Rf5 22. Ne6 Ng7 23. g4 Rf7 24. Ng5 Rf6 25. Ne4 Rff8 26. Qh6 Ne8 27. Rdf1 Nef6 28. Ng5 Kh8 29. Be4 Ng8 30. Rxf8 Rxf8 31. Qh4 h6 32. Nf3 Qxh4 33. Nxh4 Ne7 34. Bxg6 Kg7 35. Be4 Nc5 36. Nf5+ Nxf5 37. gxf5+ Kf7 38. Rg6 Rg8 39. Rxd6 Rg3 40. Rxh6 Re3 41. Rh7+ Kf6 42. Rxa7 b3 43. axb3 Nxb3 44. Ka2 Nc5 45. h4 Rh3 46. Rc7 Nxd3 47. Bxd3 Rxd3 48. Rc5 e4 49. b4 e3 50. Rc1 Rxd5 51. Re1 Rd3 52. b5 Kxf5 53. b6 Rd6 54. Rxe3 Rxb6 55. Rh3 Kg4 56. Rh1 Rh6 57. h5 Kg3 58. Rg1+ Kf4 59. Rf1+ Ke3 60. Rh1 Kf3 61. Kb3 Kg2 62. Rh4 Kg3 63. Rc4 Rxh5 64. Rc3+ Kf4 65. Rc4+ Ke3 66. Rc3+ Kd4 67. Rc4+ Kd5 68. Rc3 Rh1 69. Rd3+ Kc5 70. Rc3+ Kd4 71. Rc8 Rb1+ 72. Ka2 Rb7 73. Rd8+ Kc4 74. Rh8 Rg7 75. Rh4+ Kc3 76. Rh3+ Kc2 77. Rh2+ Kc3 78. Rh3+ Kc4 79. Rh4+ Kb5 80. Kb3 Rg3+ 1/2-1/2

[Event "GER-ch NSV Online 1st"]
[Site "Playchess.com INT"]
[Date "2020.04.26"]
[Round "2"]
[White "Uhlendorff, Luca"]
[Black "Mittelstaedt, Hendrik"]
[Result "0-1"]
[WhiteElo "1756"]
[BlackElo "2060"]
[PlyCount "84"]
[EventDate "2020.04.26"]
[EventType "swiss (blitz)"]
[EventRounds "13"]
[EventCountry "GER"]
[SourceTitle "CBM 196 Extra"]
[Source "ChessBase"]
[SourceDate "2020.07.31"]
[SourceVersion "1"]
[SourceVersionDate "2020.07.31"]
[SourceQuality "1"]

1. d4 f5 2. Bf4 Nf6 3. Nc3 g6 4. e3 d6 5. h4 Be6 6. h5 Bg7 7. h6 Bf8 8. Nf3 c6 9. Bd3 Nbd7 10. e4 Nxe4 11. Nxe4 fxe4 12. Bxe4 Qb6 13. 0-0 Nf6 14. Ng5 Bg8 15. Bf3 0-0-0 16. Ne4 Bf7 17. a4 e5 18. Be3 Nxe4 19. Bxe4 Qa5 20. Bd2 Qc7 21. Bc3 d5 22. Bf3 e4 23. Bg4+ Kb8 24. a5 a6 25. Bd2 Bd6 26. b3 Qe7 27. g3 Rhg8 28. Qc1 Be6 29. Bg5 Qd7 30. Bxe6 Qxe6 31. Bxd8 Rxd8 32. c4 Qh3 33. Qg5 Bc7 34. Qh4 Qe6 35. cxd5 cxd5 36. Rfc1 Rf8 37. Rc2 e3 38. fxe3 Qxe3+ 39. Kh2 Rf3 40. Rg2 g5 41. Qh3 Qxd4 42. Qg4 Qxg4 0-1

[Event "GER-ch Net Amateur Gr-A Vor3"]
[Site "Playchess.com INT"]
[Date "2020.04.16"]
[Round "3"]
[White "Gremmel, Jonas Simon"]
[Black "Mittelstaedt, Hendrik"]
[Result "1-0"]
[WhiteElo "1823"]
[BlackElo "1982"]
[PlyCount "111"]
[EventDate "2020.04.16"]
[EventType "swiss (blitz)"]
[EventRounds "9"]
[EventCountry "GER"]
[SourceTitle "CBM 195 Extra"]
[Source "ChessBase"]
[SourceDate "2020.05.31"]
[SourceVersion "1"]
[SourceVersionDate "2020.05.31"]
[SourceQuality "1"]

1. d4 f5 2. e4 fxe4 3. f3 d6 4. fxe4 e5 5. Nf3 exd4 6. Qxd4 Nf6 7. Bg5 Be7 8. Bc4 Nc6 9. Qe3 Bg4 10. 0-0 Qd7 11. Nc3 0-0-0 12. h3 Bxf3 13. Qxf3 Ne5 14. Qe2 Nxc4 15. Qxc4 Qc6 16. Qxc6 bxc6 17. Rad1 h6 18. Be3 Kb7 19. Rd4 c5 20. Ra4 Rhf8 21. b4 cxb4 22. Rxb4+ Kc6 23. Rc4+ Kd7 24. a4 a6 25. Rd1 Rb8 26. e5 Ne8 27. Nd5 Bd8 28. exd6 Nxd6 29. Rc3 g5 30. Bc5 Rf5 31. Bxd6 cxd6 32. Ne3 Bb6 33. Kh1 Bxe3 34. Rxe3 Rb4 35. Red3 Rf6 36. a5 Rb5 37. Rd5 Kc6 38. c4 Rc5 39. Rxc5+ Kxc5 40. Rb1 Kxc4 41. Rb6 Rf1+ 42. Kh2 d5 43. Rxa6 Ra1 44. Ra8 Kb5 45. Kg3 Rxa5 46. Rd8 Kc4 47. Kf3 h5 48. Rc8+ Kd4 49. Rd8 Ra3+ 50. Kf2 Ra2+ 51. Kf3 Ra3+ 52. Kf2 Ke4 53. Re8+ Kd3 54. Re3+ Kd2 55. Rxa3 d4 56. Kf3 1-0

[Event "GER-ch Net Amateur Gr-A Vor3"]
[Site "Playchess.com INT"]
[Date "2020.04.16"]
[Round "1"]
[White "Mittelstaedt, Hendrik"]
[Black "Leonardi, Karlheinz"]
[Result "1-0"]
[WhiteElo "2007"]
[BlackElo "1760"]
[PlyCount "58"]
[EventDate "2020.04.16"]
[EventType "swiss (blitz)"]
[EventRounds "9"]
[EventCountry "GER"]
[SourceTitle "CBM 195 Extra"]
[Source "ChessBase"]
[SourceDate "2020.05.31"]
[SourceVersion "1"]
[SourceVersionDate "2020.05.31"]
[SourceQuality "1"]

1. d4 d5 2. c4 e6 3. Nf3 Nf6 4. Nc3 Be7 5. Bg5 h6 6. Bh4 0-0 7. e3 Ne4 8. Bxe7 Qxe7 9. Nxe4 dxe4 10. Nd2 e5 11. d5 f5 12. Qb3 Kh8 13. Nb1 c6 14. Nc3 f4 15. Nxe4 fxe3 16. Qxe3 cxd5 17. cxd5 Bf5 18. Nc3 Nd7 19. Bc4 Nb6 20. Bb3 Rac8 21. 0-0 Rfd8 22. Rad1 Bg4 23. f3 Bf5 24. Rfe1 Re8 25. Nb5 Qc5 26. Nxa7 Qxe3+ 27. Rxe3 Bc2 28. Rc1 Bxb3 29. Nxc8 Bc4 1-0

[Event "GER-ch Net Amateur Gr-A Vor2"]
[Site "Playchess.com INT"]
[Date "2020.04.15"]
[Round "5"]
[White "Mittelstaedt, Hendrik"]
[Black "Acikel, Mert"]
[Result "1-0"]
[WhiteElo "1990"]
[BlackElo "1811"]
[PlyCount "75"]
[EventDate "2020.04.15"]
[EventType "swiss (blitz)"]
[EventRounds "9"]
[EventCountry "GER"]
[SourceTitle "CBM 196 Extra"]
[Source "ChessBase"]
[SourceDate "2020.07.31"]
[SourceVersion "1"]
[SourceVersionDate "2020.07.31"]
[SourceQuality "1"]

1. d4 d5 2. c4 e6 3. Nf3 Nf6 4. e3 Be7 5. Be2 0-0 6. 0-0 c6 7. Nc3 Nbd7 8. a3 b6 9. Bd2 Bb7 10. Rc1 Rc8 11. b4 Re8 12. c5 Bf8 13. Qb3 e5 14. dxe5 Nxe5 15. Nxe5 Rxe5 16. Na4 Ne4 17. Be1 Rb8 18. f3 Nf6 19. Bg3 Re8 20. Bxb8 Qxb8 21. cxb6 axb6 22. Rfe1 Bd6 23. f4 Ba8 24. Bf3 h6 25. g3 Qd8 26. Nc3 Bb7 27. Rcd1 Ba6 28. b5 cxb5 29. Nxd5 Bc5 30. Nb4 Qc8 31. Nxa6 Qxa6 32. Kg2 Qxa3 33. Qxa3 Bxa3 34. Bc6 Re7 35. Rd8+ Kh7 36. Bxb5 Ne4 37. Rd4 Bc5 38. Rxe4 1-0

[Event "Oberliga Nord W 1617"]
[Site "Germany"]
[Date "2017.04.23"]
[Round "8.5"]
[White "Thimm, Torsten"]
[Black "Mittelstaedt, Hendrik"]
[Result "1-0"]
[WhiteElo "2085"]
[BlackElo "2061"]
[PlyCount "55"]
[EventDate "2016.10.16"]
[EventType "team-tourn"]
[EventRounds "9"]
[EventCountry "GER"]
[SourceTitle "EXT 2018"]
[Source "ChessBase"]
[SourceDate "2017.10.13"]
[SourceVersion "1"]
[SourceVersionDate "2017.10.13"]
[SourceQuality "1"]
[WhiteTeam "Delmenhorst"]
[BlackTeam "Uelzen Post"]
[WhiteTeamCountry "GER"]
[BlackTeamCountry "GER"]

1. e4 e5 2. Nf3 f5 3. Nxe5 Qf6 4. d4 d6 5. Nc4 fxe4 6. Be2 Qf7 7. 0-0 Nf6 8. b3 Be7 9. f3 exf3 10. Bxf3 0-0 11. Nc3 Qg6 12. Qe2 Bd8 13. Nd5 Qe8 14. Nce3 c6 15. Nxf6+ Bxf6 16. Bb2 Bg5 17. Rae1 Nd7 18. Qd3 Nf6 19. Nc4 Qd8 20. Ba3 Ne8 21. Be4 Rxf1+ 22. Rxf1 g6 23. Bxg6 Qe7 24. Bxe8 Qxe8 25. Bxd6 Qe6 26. Rf8+ Kg7 27. Qg3 Kg6 28. h4 1-0

[Event "Dresden ZMD op"]
[Site "Dresden"]
[Date "2005.07.25"]
[Round "3"]
[White "Mittelstaedt, Hendrik"]
[Black "Albrecht, Rainer"]
[Result "0-1"]
[WhiteElo "2039"]
[BlackElo "2226"]
[PlyCount "82"]
[EventDate "2005.07.23"]
[EventType "swiss"]
[EventRounds "9"]
[EventCountry "GER"]
[SourceTitle "EXT 2006"]
[Source "ChessBase"]
[SourceDate "2005.11.24"]
[SourceVersion "1"]
[SourceVersionDate "2005.11.24"]
[SourceQuality "1"]

1. e4 e6 2. d4 d5 3. Nd2 Nf6 4. e5 Nfd7 5. c3 c5 6. Bd3 Nc6 7. Ne2 cxd4 8. cxd4 Nb6 9. 0-0 Bd7 10. f4 g6 11. Nf3 h5 12. b3 Nb4 13. Bb1 Bb5 14. a3 Nc6 15. Be3 a5 16. Bd3 Bxd3 17. Qxd3 Be7 18. Rfc1 Kf8 19. Nc3 Kg7 20. Ne1 Qd7 21. Qb5 Nc8 22. Nd3 N8a7 23. Qa4 b6 24. b4 axb4 25. axb4 Rhc8 26. Ra2 Qb7 27. Qb3 Rc7 28. h3 Rh8 29. Rac2 b5 30. Nc5 Bxc5 31. bxc5 Na5 32. Qb4 Nc4 33. Bf2 Rb8 34. Rb1 Nc6 35. Qb3 b4 36. Qa4 Ra8 37. Qb5 Na3 38. Qxb7 Rxb7 39. Rcb2 Nxb1 40. Nxb1 Ra1 41. Kf1 Rba7 0-1